[Event "Superettan(Rockaden II,Sthlm-Eksjo)"]
[Site "?"]
[Date "2008.03.07"]
[Round "7"]
[White "Krantz, Christopher"]
[Black "Sandbom, Jonas"]
[Result "1-0"]
[WhiteElo "2156"]
[BlackElo "2199"]
[PlyCount "79"]
[EventDate "2008.??.??"]

1. e4 c5 2. Nf3 e6 3. d4 cxd4 4. Nxd4 Nf6 5. Bd3 Nc6 6. Nxc6 bxc6 7. O-O d5 8.
Nd2 Be7 9. b3 O-O 10. Bb2 a5 11. Qe2 a4 12. Nf3 Qb6 13. Bd4 c5 14. Bc3 dxe4 15.
Bxe4 Ba6 16. Bd3 Bxd3 17. Qxd3 Rfd8 18. Qc4 Nd5 19. Be5 Qb4 20. Qe2 f6 21. Bb2
Qg4 22. g3 e5 23. Rad1 Kh8 24. c4 Nf4 25. Qe3 axb3 26. axb3 Ne6 27. Ra1 e4 28.
Nd2 f5 29. f3 Bg5 30. Qe2 Qh5 31. g4 Qh6 32. gxf5 Nf4 33. Qxe4 Rxa1 34. Bxa1
Nh3+ 35. Kh1 Bxd2 36. f6 gxf6 37. Qf5 Bg5 38. Bc3 Nf4 39. Rg1 Rg8 40. Rxg5 1-0

[Event "Superettan(Rockaden II,Sthlm-Eksjo)"]
[Site "?"]
[Date "2008.03.07"]
[Round "7"]
[White "Kyhle, Bo"]
[Black "Al-Saadi, Ali Ghazi"]
[Result "1-0"]
[WhiteElo "2184"]
[BlackElo "2128"]
[PlyCount "129"]
[EventDate "2008.??.??"]

1. d4 Nf6 2. c4 c5 3. e3 g6 4. Nc3 Bg7 5. dxc5 Na6 6. Nf3 Nxc5 7. Be2 b6 8. O-O
O-O 9. Nd4 Bb7 10. b4 Nce4 11. Nxe4 Nxe4 12. Bb2 f5 13. f3 Nd6 14. Qb3 e6 15.
Rad1 Qc7 16. Rc1 Qb8 17. Rfd1 Rf7 18. Nc2 Bxb2 19. Qxb2 Ne8 20. Ne1 Qd8 21. Bf1
Qf6 22. Qxf6 Nxf6 23. Nd3 Re7 24. c5 Nd5 25. Kf2 Ba6 26. a3 Rc8 27. Ne5 Bxf1
28. Rxf1 bxc5 29. Rxc5 Rb8 30. Rd1 d6 31. Rcxd5 dxe5 32. Rxe5 Rc8 33. Rc5 Rxc5
34. bxc5 Rc7 35. Rc1 Kf8 36. Ke2 Ke8 37. Kd3 Rd7+ 38. Ke2 Kd8 39. Rc4 Kc7 40.
Rd4 Re7 41. Rd6 e5 42. Kd2 e4 43. f4 Re8 44. h3 Rb8 45. Kc3 Rb5 46. Kc4 Rb2 47.
g4 Re2 48. gxf5 gxf5 49. Kd4 Rd2+ 50. Ke5 Rd3 51. Kxf5 Rxe3 52. Rh6 Re1 53.
Rxh7+ Kc6 54. Rxa7 Kxc5 55. Rd7 e3 56. Ke4 e2 57. Rd2 Kc4 58. Ke3 Ra1 59. Rxe2
Kd5 60. Kf3 Rxa3+ 61. Kg4 Ra1 62. Kf5 Kd6 63. Kf6 Kd7 64. f5 Rf1 65. Re3 1-0

[Event "Superettan(Rockaden,Umea-Vastervik)"]
[Site "?"]
[Date "2008.03.07"]
[Round "7"]
[White "Sternlund, Hakan"]
[Black "Lindgren, Fredrik"]
[Result "1/2-1/2"]
[WhiteElo "2223"]
[BlackElo "2282"]
[PlyCount "103"]

1. c4 e5 2. Nc3 d6 3. g3 f5 4. Bg2 c6 5. d4 e4 6. h4 Be7 7. Nh3 Na6 8. Nf4 Nc7
9. d5 c5 10. f3 exf3 11. Bxf3 Nf6 12. b3 O-O 13. Bb2 Nd7 14. Qc2 Ne5 15. Nd3
Bf6 16. O-O-O Bd7 17. Nxe5 Bxe5 18. Rdg1 Qf6 19. Nd1 b5 20. Bxe5 Qxe5 21. Qb2
Qe7 22. cxb5 Nxb5 23. e3 c4 24. bxc4 Rfc8 25. Be2 Rab8 26. Bd3 Qd8 27. Kd2 Qa5+
28. Ke2 Na3 29. Qc3 Qxc3 30. Nxc3 Rb2+ 31. Kf3 Nxc4 32. Bxc4 Rxc4 33. Rc1 Be8
34. h5 Bf7 35. e4 fxe4+ 36. Ke3 h6 37. g4 Rg2 38. Nxe4 Rxc1 39. Rxc1 Bxd5 40.
Nxd6 Rxa2 41. Rc5 Be6 42. g5 hxg5 43. Rxg5 Kf8 44. Ne4 a5 45. h6 gxh6 46. Rg6
Bf7 47. Rxh6 a4 48. Nc3 Ra1 49. Ra6 a3 50. Kd2 Bb3 51. Ra7 a2 52. Nxa2 1/2-1/2

[Event "Superettan(Rockaden,Umea-Vastervik)"]
[Site "?"]
[Date "2008.03.07"]
[Round "7"]
[White "Forsberg, Viktor"]
[Black "Ask, Josef"]
[Result "1-0"]
[WhiteElo "2307"]
[BlackElo "2283"]
[PlyCount "73"]

1. c4 e5 2. g3 Nf6 3. Bg2 c6 4. d4 Bb4+ 5. Bd2 Bxd2+ 6. Qxd2 d6 7. Nc3 Qe7 8.
e3 O-O 9. Nge2 Re8 10. O-O e4 11. h3 h5 12. f4 Bf5 13. Kh2 Nbd7 14. Rac1 a6 15.
Nd1 d5 16. c5 Qe6 17. Nf2 g6 18. Rc3 Kg7 19. Rb3 Rab8 20. Qa5 Rh8 21. Rc1 Rh7
22. Qe1 Ng8 23. Qa5 Ngf6 24. Qe1 Ng8 25. Rb4 Nh6 26. Rc3 Nf6 27. Rcb3 Qe7 28.
Rb6 h4 29. g4 Bxg4 30. hxg4 Nhxg4+ 31. Nxg4 Nxg4+ 32. Kh1 h3 33. Bf1 Rhh8 34.
Ng3 Qc7 35. Be2 Nf6 36. Qb4 a5 37. Rxb7 1-0

[Event "Superettan(Rockaden,Umea-Vastervik)"]
[Site "?"]
[Date "2008.03.07"]
[Round "7"]
[White "Nilsson, Victor"]
[Black "Larsson, Johan"]
[Result "1/2-1/2"]
[WhiteElo "2171"]
[BlackElo "2176"]
[PlyCount "54"]

1. d4 Nf6 2. c4 e6 3. Nf3 Bb4+ 4. Bd2 Qe7 5. g3 Nc6 6. Bg2 O-O 7. O-O Bxd2 8.
Qxd2 d6 9. Nc3 e5 10. Rac1 Bg4 11. dxe5 dxe5 12. Nd5 Nxd5 13. cxd5 Rad8 14.
Rfd1 Nb4 15. Nxe5 Bh5 16. Qf4 Nxa2 17. Ra1 Nb4 18. Rxa7 Bxe2 19. Re1 Ba6 20.
Qc1 Qd6 21. Bf1 Rfe8 22. Qf4 f6 23. Nf3 Qxd5 24. Rc1 Re7 25. h4 Red7 26. Qe3
Qh5 27. Qe6+ Kh8 1/2-1/2

[Event "Superettan(Rockaden,Umea-Vastervik)"]
[Site "?"]
[Date "2008.03.07"]
[Round "7"]
[White "Engman, Rickard"]
[Black "Elenius, Erik"]
[Result "0-1"]
[WhiteElo "2253"]
[BlackElo "2184"]
[PlyCount "90"]

1. d4 Nf6 2. c4 g6 3. Nc3 Bg7 4. e4 d6 5. Be2 O-O 6. Bg5 c5 7. d5 Na6 8. Qd2
Nc7 9. f4 b5 10. cxb5 a6 11. bxa6 Bxa6 12. Bxa6 Rxa6 13. Nf3 Qa8 14. O-O Rb8
15. Rad1 Nb5 16. Nxb5 Rxb5 17. e5 Rxa2 18. exf6 exf6 19. Bh4 Rbxb2 20. Qe3
Rxg2+ 21. Kh1 Rge2 22. Qd3 f5 23. Rfe1 Qe8 24. Rxe2 Rxe2 25. Re1 Re4 26. Qd1 h6
27. Nd2 Rxe1+ 28. Bxe1 Qe3 29. Bg3 Qd3 30. Qe1 Qxd5+ 31. Kg1 Bc3 32. Qe8+ Kg7
33. Nf1 Qf3 34. Bf2 Qxf4 35. Qe3 Qg4+ 36. Kh1 Bd4 37. Qg3 Qe4+ 38. Kg1 Be5 39.
Qb3 c4 40. Qa3 c3 41. Ng3 Qb1+ 42. Kg2 Qb2 43. Qa7 c2 44. Ne2 c1=Q 45. Nxc1
Qxc1 0-1

[Event "Superettan(Rockaden,Umea-Vastervik)"]
[Site "?"]
[Date "2008.03.07"]
[Round "7"]
[White "Hellstrom, Magnus"]
[Black "Harren, Mats"]
[Result "1-0"]
[WhiteElo "2091"]
[BlackElo "2087"]
[PlyCount "110"]

1. e4 d6 2. d4 Nf6 3. Nc3 Nbd7 4. Nf3 e5 5. Bc4 Be7 6. Bg5 c6 7. a4 O-O 8. dxe5
Nxe5 9. Nxe5 dxe5 10. O-O Bg4 11. Qxd8 Raxd8 12. Be3 b6 13. f3 Bc8 14. a5 b5
15. Be2 Rd7 16. Rfc1 Rc7 17. Nd1 a6 18. c4 Rd7 19. Nf2 Rb7 20. Nd3 Nd7 21. cxb5
Rxb5 22. Rxc6 Bb4 23. Rac1 Bb7 24. Rc7 Nf6 25. Bb6 Bxe4 26. fxe4 Bxa5 27. Bxa5
Rxa5 28. R7c4 Rb5 29. Rc8 g6 30. Kf2 Kg7 31. Ke3 Nd7 32. Rxf8 Nxf8 33. Rc5 Rxc5
34. Nxc5 a5 35. Nb3 f5 36. exf5 gxf5 37. Nxa5 Kf6 38. Nc4 Ne6 39. Bd1 Nc7 40.
Kd3 Nb5 41. Ba4 Nd4 42. b4 Ne6 43. Bc6 h5 44. h4 Nd4 45. b5 Ke6 46. Be8 f4 47.
b6 Nb3 48. Bxh5 Nc5+ 49. Kc3 Kf5 50. Nd6+ Ke6 51. b7 Na6 52. Be2 Kxd6 53. Bxa6
Kc7 54. h5 e4 55. Kd2 f3 1-0

[Event "Superettan(Rockaden,Umea-Vastervik)"]
[Site "?"]
[Date "2008.03.07"]
[Round "7"]
[White "Hammar, Ulf"]
[Black "Broddefalk, Arvid"]
[Result "1-0"]
[WhiteElo "2098"]
[BlackElo "1985"]
[PlyCount "81"]

1. d4 f5 2. Nc3 Nf6 3. Bg5 d5 4. Bxf6 exf6 5. e3 Be6 6. Qf3 Nc6 7. Bb5 Qd7 8.
Nge2 O-O-O 9. Nf4 g6 10. a3 Bf7 11. Nd3 Qe6 12. O-O h5 13. b4 Bh6 14. Nc5 Qd6
15. Qe2 Rde8 16. Ba6 Nd8 17. Bd3 Kb8 18. Qf3 f4 19. Nb5 Qc6 20. exf4 Ne6 21. f5
gxf5 22. Qxf5 a6 23. Nc3 Nxd4 24. Qh3 Ne6 25. N3a4 Nf4 26. Qd7 Qxd7 27. Nxd7+
Ka7 28. Rfe1 Nxd3 29. cxd3 Rd8 30. Re7 Bg6 31. Nac5 Rhe8 32. Rae1 Rxe7 33. Rxe7
Bf8 34. Nxf8 Rxf8 35. Rxc7 Rb8 36. f3 Be8 37. Kf2 Kb6 38. Re7 Bc6 39. Re6 Kb5
40. a4+ Kxb4 41. Rxc6 1-0

[Event "Superettan(Passanten-Lundby)"]
[Site "?"]
[Date "2008.03.07"]
[Round "7"]
[White "Virolainen, Victor"]
[Black "Larsson, Per"]
[Result "0-1"]
[WhiteElo "2227"]
[BlackElo "2358"]
[PlyCount "116"]

1. e4 c6 2. d4 d5 3. exd5 cxd5 4. Bd3 Nc6 5. c3 Nf6 6. Bf4 Bg4 7. f3 Bh5 8. Ne2
e6 9. Nd2 Bd6 10. Nb3 O-O 11. Bg5 Bg6 12. Qd2 Bxd3 13. Qxd3 Rc8 14. Bh4 Be7 15.
O-O Ne8 16. Bg3 Nd6 17. Bxd6 Bxd6 18. f4 g6 19. Kh1 Qb6 20. Rf3 a5 21. Rb1 Rfe8
22. g4 Bf8 23. Ng3 a4 24. Nd2 Qa6 25. Qe3 a3 26. b4 Na7 27. h4 Nb5 28. Ne2 f5
29. g5 Nd6 30. h5 Ne4 31. h6 Rc7 32. Rb3 Rec8 33. Nb1 Qb6 34. Rxa3 Bd6 35. Rb3
Ra8 36. a3 Qb5 37. Rb2 b6 38. Kg2 Qa4 39. Qd3 Rca7 40. Rf1 Qc6 41. Rc1 Rc8 42.
Qe3 Qb5 43. Rcc2 Rac7 44. Nd2 Qd7 45. Ra2 Kf7 46. Qd3 Qa4 47. Rab2 Ra8 48. c4
Nxd2 49. Qxd2 dxc4 50. Nc3 Qd7 51. d5 e5 52. Qe3 Qe7 53. Nb5 exf4 54. Qxe7+
Kxe7 55. Nxc7 Bxc7 56. Rxc4 Kd7 57. Rb3 Bd8 58. Rc6 Rb8 0-1

[Event "Superettan(Passanten-Lundby)"]
[Site "?"]
[Date "2008.03.07"]
[Round "7"]
[White "Sanden, Stefan"]
[Black "Sigurgeirsson, Brjann"]
[Result "1-0"]
[WhiteElo "2334"]
[BlackElo "2185"]
[PlyCount "73"]

1. e4 c5 2. Nf3 d6 3. d4 cxd4 4. Nxd4 Nf6 5. Nc3 g6 6. Be3 Bg7 7. f3 Nc6 8. Qd2
O-O 9. Bc4 Bd7 10. h4 Ne5 11. Bb3 Qa5 12. Bh6 Bxh6 13. Qxh6 Rfc8 14. Nde2 Nc4
15. Bxc4 Rxc4 16. h5 g5 17. O-O-O Rac8 18. Kb1 Be6 19. Nd5 Bxd5 20. Qxg5+ Kf8
21. exd5 R4c5 22. Nc3 Rxc3 23. bxc3 Rxc3 24. Qd2 Qb4+ 25. Ka1 Qc4 26. Rh4 Qc7
27. Rc1 Qc5 28. Rd4 b5 29. h6 Ke8 30. Kb2 Qa3+ 31. Kb1 Qc5 32. Re1 b4 33. f4 a5
34. Qe2 e5 35. fxe5 Qxd4 36. exf6+ Qe5 37. Qb5+ 1-0

[Event "Superettan(Passanten-Lundby)"]
[Site "?"]
[Date "2008.03.07"]
[Round "7"]
[White "Nuoristo, Peter"]
[Black "Lundin, Anders"]
[Result "1-0"]
[WhiteElo "2216"]
[BlackElo "2180"]
[PlyCount "105"]

1. d4 Nf6 2. Bf4 e6 3. e3 c5 4. Nf3 b6 5. Bd3 Bb7 6. O-O Nc6 7. c3 Be7 8. h3
cxd4 9. exd4 O-O 10. Nbd2 Rc8 11. Qe2 d6 12. Rad1 Re8 13. Ne4 Na5 14. Nfg5 Nxe4
15. Nxe4 Bd5 16. Nd2 e5 17. dxe5 dxe5 18. Be3 Qc7 19. Ne4 Nc4 20. Bc1 f5 21.
Ng3 e4 22. Bc2 Be6 23. Nh5 Ne5 24. Nf4 Bc4 25. Bb3 Bxb3 26. axb3 Bd6 27. Nd5
Qb8 28. Qh5 Rf8 29. Bf4 Rce8 30. Bxe5 Bxe5 31. Qh4 Re6 32. Ne7+ Kh8 33. Nxf5
Ref6 34. Ne3 Rf4 35. Qe7 R4f7 36. Qh4 Rf4 37. Qe7 R4f7 38. Qe6 Rf6 39. Qd7 R6f7
40. Qg4 Rf4 41. Qd7 R4f7 42. Qc6 Bh2+ 43. Kh1 Rxf2 44. Rxf2 Rxf2 45. Ng4 Rxg2
46. Kxg2 Qg3+ 47. Kh1 Qf3+ 48. Kxh2 Qf4+ 49. Kg1 Qg3+ 50. Kf1 Qxh3+ 51. Ke1
Qh1+ 52. Kd2 e3+ 53. Kc1 1-0

[Event "Superettan(Passanten-Lundby)"]
[Site "?"]
[Date "2008.03.07"]
[Round "7"]
[White "Johansen, Peter"]
[Black "Lehtonen, Ture"]
[Result "1/2-1/2"]
[WhiteElo "2130"]
[BlackElo "2154"]
[PlyCount "83"]

1. e4 g6 2. g3 d5 3. exd5 Nf6 4. Bg2 Nxd5 5. Ne2 Bg7 6. O-O O-O 7. d4 c6 8. c4
Nc7 9. Nbc3 Nd7 10. Be3 Nb6 11. b3 Bf5 12. a4 Na6 13. a5 Nd7 14. h3 h5 15. Qd2
Re8 16. f3 e5 17. g4 exd4 18. Bxd4 Bxd4+ 19. Nxd4 Be6 20. gxh5 Nf6 21. Rad1
Nxh5 22. Ne4 Qe7 23. Qh6 Qf8 24. Qg5 Qe7 25. Nxe6 Qxe6 26. f4 Qe7 27. Nd6 Qxg5
28. fxg5 Re7 29. Nxb7 Rxb7 30. Bxc6 Rab8 31. Bxb7 Rxb7 32. Rf3 Nc5 33. Rd8+ Kg7
34. Rc8 Ne6 35. h4 Nhf4 36. Re3 f6 37. gxf6+ Kxf6 38. c5 Rb5 39. a6 Rxc5 40.
Rxc5 Nxc5 41. b4 Nxa6 42. Ra3 1/2-1/2

[Event "Superettan(Passanten-Lundby)"]
[Site "?"]
[Date "2008.03.07"]
[Round "7"]
[White "Loven, Anders"]
[Black "Przysuski, Feliks"]
[Result "1/2-1/2"]
[WhiteElo "2117"]
[BlackElo "2037"]
[PlyCount "75"]

1. Nf3 Nf6 2. c4 e6 3. Nc3 b6 4. g3 Bb7 5. Bg2 Be7 6. O-O O-O 7. Re1 d5 8. cxd5
Nxd5 9. e4 Nxc3 10. bxc3 c5 11. d4 cxd4 12. cxd4 Na6 13. Bb2 Rc8 14. a3 Rc7 15.
Qb3 Nb8 16. Ne5 Nc6 17. Nxc6 Rxc6 18. Rad1 Rc7 19. d5 exd5 20. exd5 Bd6 21. Qa4
Bc8 22. Qd4 f6 23. Qd3 Re8 24. Rxe8+ Qxe8 25. Be4 Qh5 26. Bf3 Bg4 27. Bxg4 Qxg4
28. Re1 Qg6 29. Qb5 h6 30. a4 Kh7 31. a5 Rc5 32. Qd7 Rxd5 33. Ba3 Qd3 34. Bxd6
Rxd6 35. Qxa7 bxa5 36. Qxa5 Qf3 37. Qc5 Qd3 38. Qe3 1/2-1/2

[Event "Superettan(Passanten-Lundby)"]
[Site "?"]
[Date "2008.03.07"]
[Round "7"]
[White "Ingvason, Sigurgeir"]
[Black "Danielsson, Robert"]
[Result "1-0"]
[WhiteElo "2029"]
[BlackElo "2003"]
[PlyCount "79"]

1. e4 c5 2. Nf3 Nc6 3. d4 cxd4 4. Nxd4 g6 5. c4 Bg7 6. Be3 Nf6 7. Nc3 O-O 8.
Be2 d6 9. O-O Bd7 10. f4 Nxd4 11. Bxd4 Bc6 12. Bf3 a5 13. Qd2 Nd7 14. Bxg7 Kxg7
15. Rad1 Qb6+ 16. Kh1 Rad8 17. g4 f6 18. Ne2 Nc5 19. Ng3 e5 20. b3 exf4 21.
Qxf4 Ne6 22. Qc1 Ng5 23. Bg2 Qc5 24. h4 Ne6 25. Qc3 Qe5 26. Qe3 d5 27. cxd5
Rxd5 28. Rxd5 Bxd5 29. Nf5+ gxf5 30. Rxf5 Qa1+ 31. Rf1 Qd4 32. Qxd4 Nxd4 33.
exd5 Rd8 34. Kh2 Rd7 35. Rf2 Nb5 36. Kg3 Nc7 37. Rd2 Kf7 38. Kf4 Ke7 39. d6+
Kf7 40. dxc7 1-0

[Event "Superettan(Passanten-Lundby)"]
[Site "?"]
[Date "2008.03.07"]
[Round "7"]
[White "Lanvin, Per"]
[Black "Ljung, Daniel"]
[Result "0-1"]
[WhiteElo "1810"]
[BlackElo "1865"]
[PlyCount "90"]

1. c4 Nf6 2. Nc3 e6 3. e4 Bb4 4. e5 Ng8 5. Qg4 g6 6. d4 c5 7. d5 exd5 8. cxd5
d6 9. Bb5+ Kf8 10. Qg3 Qe7 11. Nf3 a6 12. Ba4 b5 13. Bc2 Nd7 14. O-O dxe5 15.
d6 Qxd6 16. Be4 Ra7 17. Rd1 Qb8 18. Bc6 Bxc3 19. bxc3 f6 20. Be3 Qb6 21. Bxd7
Rxd7 22. Nxe5 Rxd1+ 23. Rxd1 Ne7 24. Ng4 Bxg4 25. Bh6+ Kf7 26. Qxg4 Rd8 27. Re1
Nf5 28. Bf4 b4 29. cxb4 Qxb4 30. Rf1 Ng7 31. Qf3 Ne6 32. Be5 f5 33. Bc3 Qe4 34.
Qh3 h5 35. Re1 Qf4 36. g3 Qc4 37. Ba5 Rd3 38. Qg2 Qd5 39. Qf1 Ng5 40. Re3 Nf3+
41. Rxf3 Qxf3 42. Be1 c4 43. h3 c3 44. Kh2 c2 45. Bb4 Qd1 0-1

[Event "Superettan(Orgryte-Upsala II)"]
[Site "?"]
[Date "2008.03.08"]
[Round "8"]
[White "Johansson, Carl Fredrik"]
[Black "Ziegler, Ari"]
[Result "0-1"]
[WhiteElo "2205"]
[BlackElo "2419"]
[PlyCount "106"]
[SourceDate "2008.03.15"]

1. d4 Nf6 2. c4 c5 3. d5 e6 4. Nc3 exd5 5. cxd5 d6 6. e4 g6 7. f4 Bg7 8. e5
dxe5 9. fxe5 Nfd7 10. e6 fxe6 11. dxe6 Nf6 12. Qxd8+ Kxd8 13. Bg5 Bxe6 14.
O-O-O+ Nbd7 15. Nf3 Kc8 16. Bb5 a6 17. Rhe1 axb5 18. Rxe6 Re8 19. Rxe8+ Nxe8
20. Re1 Nc7 21. Nxb5 Bf6 22. Nd6+ Kb8 23. Bf4 Ka7 24. Rd1 Ne6 25. Bg3 Ndf8 26.
Bf2 Kb6 27. Ne4 Be7 28. a3 Rd8 29. Rxd8 Nxd8 30. Ne5 Nde6 31. b4 Kb5 32. Nc3+
Ka6 33. b5+ Ka7 34. Nd5 Bd6 35. Nc4 Bxh2 36. g3 Nd7 37. b6+ Kb8 38. Nde3 Nf6
39. Ne5 Ne4 40. N3g4 Bxg3 41. Bxg3 Nxg3 42. Nf6 Nf8 43. Kd2 Kc8 44. Kd3 h5 45.
Kc4 h4 46. Nfg4 h3 47. Nh2 Ne4 48. Kd5 Nf6+ 49. Kd6 g5 50. Ke7 N8d7 51. Nf7 g4
52. Nd6+ Kb8 53. Nf1 Nh5 0-1

[Event "Superettan(Orgryte-Upsala II)"]
[Site "?"]
[Date "2008.03.08"]
[Round "8"]
[White "Frisk Kockum, Anton"]
[Black "Styf, Josef"]
[Result "1-0"]
[WhiteElo "2337"]
[BlackElo "2080"]
[PlyCount "63"]

1. d4 Nf6 2. Nf3 e6 3. c4 Bb4+ 4. Bd2 Qe7 5. g3 Nc6 6. Nc3 O-O 7. Bg2 d6 8. d5
Bxc3 9. Bxc3 exd5 10. cxd5 Ne5 11. Nxe5 dxe5 12. O-O Rd8 13. Qb3 a5 14. Rad1
Ra6 15. e4 h5 16. Rfe1 h4 17. Bf1 hxg3 18. hxg3 Rb6 19. Qc4 Bg4 20. Be2 Bxe2
21. Qxe2 Ra6 22. Kg2 Nd7 23. Rc1 Qd6 24. Rh1 Nf8 25. Rh5 Ng6 26. Rch1 Kf8 27.
Qg4 Re8 28. Bd2 c6 29. Bg5 f6 30. Bxf6 Qxf6 31. Rf5 cxd5 32. Qxg6 1-0

[Event "Superettan(Orgryte-Upsala II)"]
[Site "?"]
[Date "2008.03.08"]
[Round "8"]
[White "Fallman, Micael"]
[Black "Ostberg, Peter"]
[Result "0-1"]
[WhiteElo "2097"]
[BlackElo "2236"]
[PlyCount "96"]

1. d4 Nf6 2. Nf3 e6 3. c4 d5 4. g3 Bb4+ 5. Bd2 Be7 6. Bg2 O-O 7. O-O dxc4 8.
Qc2 a6 9. Qxc4 b5 10. Qc2 Bb7 11. Rc1 Bd6 12. Be1 Nbd7 13. Ba5 Qe7 14. Nbd2 c5
15. dxc5 Nxc5 16. Nb3 Rac8 17. Nxc5 Bxc5 18. Qd1 Ng4 19. e3 e5 20. Nh4 Nxe3 21.
fxe3 Bxe3+ 22. Kh1 Bxg2+ 23. Kxg2 Qb7+ 24. Kh3 Bxc1 25. Rxc1 Rxc1 26. Qxc1 Qd7+
27. Kg2 Rc8 28. Qb1 Qd5+ 29. Kh3 e4 30. Bc3 Qe6+ 31. g4 Rd8 32. Nf5 h5 33. Kg2
hxg4 34. Nxg7 Qc4 35. Qf1 Qxf1+ 36. Kxf1 b4 37. Bf6 Rd3 38. Ke2 Kh7 39. Ne8 Kg6
40. Bh4 f5 41. Nc7 f4 42. Nxa6 Rh3 43. Be1 Rxh2+ 44. Kf1 f3 45. Nxb4 e3 46. Kg1
f2+ 47. Bxf2 exf2+ 48. Kf1 g3 0-1

[Event "Superettan(Orgryte-Upsala II)"]
[Site "?"]
[Date "2008.03.08"]
[Round "8"]
[White "Arnelind, Mikael"]
[Black "Dolata, Henryk"]
[Result "1-0"]
[WhiteElo "2155"]
[BlackElo "2069"]
[PlyCount "73"]

1. d4 Nf6 2. c4 g6 3. Nc3 d5 4. Bg5 Ne4 5. Bh4 Nxc3 6. bxc3 Bg7 7. cxd5 Qxd5 8.
e3 e5 9. dxe5 Qxd1+ 10. Rxd1 Nc6 11. f4 Be6 12. a3 O-O 13. Nf3 Na5 14. Kf2 Rfe8
15. Ng5 Bf8 16. Ne4 Rec8 17. Be2 b6 18. Ba6 Rcb8 19. a4 h6 20. Nf6+ Kg7 21. Nd5
Bxd5 22. Rxd5 Nb3 23. Bb5 a6 24. Bc6 Ra7 25. Rb1 Nc5 26. Kf3 b5 27. axb5 axb5
28. Rxb5 Rxb5 29. Bxb5 Ra2 30. Bf6+ Kh7 31. Rd8 Ne6 32. Rc8 Bg7 33. Bc4 Ra7 34.
Bxe6 fxe6 35. Re8 c5 36. Re7 Rxe7 37. Bxe7 1-0

[Event "Superettan(Orgryte-Upsala II)"]
[Site "?"]
[Date "2008.03.08"]
[Round "8"]
[White "Brandberg, Joakim"]
[Black "Eksmyr, Johan"]
[Result "0-1"]
[WhiteElo "2084"]
[BlackElo "2152"]
[PlyCount "90"]

1. c4 e5 2. Nc3 Bb4 3. g3 Bxc3 4. dxc3 d6 5. e4 b6 6. Bg2 Be6 7. b3 Nd7 8. Nf3
f6 9. Nh4 Ne7 10. Bf3 O-O 11. Ng2 a5 12. Ne3 g6 13. Nd5 Nc8 14. O-O c6 15. Ne3
Nc5 16. Ba3 Qd7 17. Bg2 Bh3 18. Bxc5 bxc5 19. Bxh3 Qxh3 20. Qg4 Qxg4 21. Nxg4
f5 22. exf5 gxf5 23. Ne3 f4 24. Ng2 f3 25. Ne3 Ne7 26. Rfd1 Rad8 27. Rd2 Kf7
28. Rb1 d5 29. cxd5 cxd5 30. Rbd1 Ke6 31. Nc4 a4 32. bxa4 Rb8 33. Ne3 d4 34.
cxd4 cxd4 35. Nc4 Rfc8 36. Nb2 Nd5 37. Re1 Nc3 38. h3 Ne2+ 39. Kh2 e4 40. a5
Ke5 41. Na4 e3 42. fxe3 dxe3 43. Rdxe2 fxe2 44. Rxe2 Ke4 45. Nb6 Kf3 0-1

[Event "Superettan(Orgryte-Upsala II)"]
[Site "?"]
[Date "2008.03.08"]
[Round "8"]
[White "Rolen, Magnus"]
[Black "Berglund, Nils-Erik"]
[Result "1-0"]
[WhiteElo "2199"]
[BlackElo "1998"]
[PlyCount "80"]

1. Nc3 d5 2. e4 e6 3. d4 Bb4 4. exd5 exd5 5. Bd3 Ne7 6. Qf3 Nbc6 7. Nge2 Be6 8.
a3 Bd6 9. Nb5 Ng6 10. O-O Nce7 11. Bd2 c6 12. Nxd6+ Qxd6 13. Rfe1 O-O 14. Ng3
Qd7 15. h3 h6 16. Nh5 Kh7 17. c3 Bf5 18. Re2 Bxd3 19. Qxd3 Qf5 20. Qxf5 Nxf5
21. Rae1 Nd6 22. Bf4 Nxf4 23. Nxf4 Rfe8 24. Nd3 Rxe2 25. Rxe2 Re8 26. Rxe8 Nxe8
27. f3 Nd6 28. Kf2 Kg6 29. g4 Kf6 30. a4 g5 31. b3 Ke7 32. Ke3 b6 33. Ne5 c5
34. Nc6+ Kd7 35. Nxa7 c4 36. b4 Kc7 37. b5 Kb7 38. Nc6 f6 39. Nb4 f5 40. Nxd5
f4+ 1-0

[Event "Superettan(Orgryte-Upsala II)"]
[Site "?"]
[Date "2008.03.08"]
[Round "8"]
[White "Fernandez, Juan Pablo"]
[Black "Tibell, Ingemar"]
[Result "1-0"]
[WhiteElo "1990"]
[BlackElo "2033"]
[PlyCount "42"]

1. c4 c5 2. g3 g6 3. Bg2 Bg7 4. Nc3 Nf6 5. a3 O-O 6. b4 Nc6 7. Rb1 cxb4 8. axb4
d6 9. e3 Be6 10. d3 d5 11. d4 Bf5 12. Rb2 e5 13. Nge2 exd4 14. exd4 Re8 15.
cxd5 Nxd4 16. O-O Nxe2+ 17. Rxe2 Qb6 18. Rxe8+ Rxe8 19. Re1 Qxb4 20. Bd2 h5 21.
Ne4 Qa3 1-0

[Event "Superettan(Orgryte-Upsala II)"]
[Site "?"]
[Date "2008.03.08"]
[Round "8"]
[White "Lejhall, Jens"]
[Black "Bjelvenmark, Per"]
[Result "1-0"]
[WhiteElo "2023"]
[BlackElo "1968"]
[PlyCount "67"]
[EventDate "2008.??.??"]

1. c4 e6 2. g3 d5 3. Bg2 Nf6 4. Nf3 Be7 5. O-O O-O 6. d4 c5 7. cxd5 Nxd5 8. Nc3
b6 9. Nxd5 exd5 10. Be3 Bb7 11. Rc1 Nd7 12. Qb3 c4 13. Qc2 b5 14. Ne5 f6 15.
Nf3 Nb6 16. Nh4 Rf7 17. Nf5 Bf8 18. Bd2 Qd7 19. Ba5 Nc8 20. b3 cxb3 21. axb3
Nd6 22. Ne3 Ne4 23. Qd3 b4 24. Rc7 Qe6 25. Rxb7 Rxb7 26. Nxd5 f5 27. Nc7 Rxc7
28. Bxc7 Rc8 29. d5 Qe7 30. d6 Nxd6 31. Bxd6 Qxd6 32. Bd5+ Kh8 33. Qxf5 Re8 34.
Qf7 1-0

[Event "Superettan(Manhem II-Passanten)"]
[Site "?"]
[Date "2008.03.08"]
[Round "8"]
[White "Larsson, Per"]
[Black "Moberg, Karl Johan"]
[Result "1/2-1/2"]
[WhiteElo "2358"]
[BlackElo "2305"]
[PlyCount "53"]

1. Nf3 Nf6 2. c4 g6 3. Nc3 d5 4. cxd5 Nxd5 5. Qa4+ Bd7 6. Qh4 Nxc3 7. dxc3 Nc6
8. e4 e5 9. Bg5 Be7 10. Bc4 h6 11. Bxe7 Qxe7 12. Qg3 g5 13. O-O-O O-O-O 14. Bd5
f6 15. h4 Nb8 16. Nh2 c6 17. Bc4 gxh4 18. Qxh4 Qg7 19. g3 Qg5+ 20. f4 Qxh4 21.
gxh4 exf4 22. Rhf1 f5 23. e5 Rde8 24. Rde1 Be6 25. Bxe6+ Rxe6 26. Rxf4 Rf8 27.
Nf3 1/2-1/2

[Event "Superettan(Manhem II-Passanten)"]
[Site "?"]
[Date "2008.03.08"]
[Round "8"]
[White "Fendrich, David"]
[Black "Sanden, Stefan"]
[Result "0-1"]
[WhiteElo "2300"]
[BlackElo "2334"]
[PlyCount "80"]

1. c4 c5 2. g3 g6 3. Bg2 Bg7 4. Nc3 Nc6 5. a3 d6 6. Rb1 Bxc3 7. bxc3 Qd7 8. Qa4
e5 9. d3 f6 10. f4 Nge7 11. fxe5 Nxe5 12. Qxd7+ Nxd7 13. Nh3 Rb8 14. Nf2 f5 15.
O-O b6 16. g4 Bb7 17. e4 Ne5 18. Bf4 Kd7 19. Bxe5 dxe5 20. exf5 Bxg2 21. Kxg2
gxf5 22. Rbe1 Kd6 23. d4 cxd4 24. cxd4 exd4 25. gxf5 Nxf5 26. Ne4+ Ke5 27. Ng5+
Ne3+ 28. Kh1 Rhf8 29. Nf7+ Ke4 30. Rf2 Kd3 31. Ne5+ Kc3 32. Rc1+ Kb3 33. Nf3
Ka4 34. Rb1 Rf4 35. Rb4+ Ka5 36. Rb5+ Ka6 37. Rh5 Rbf8 38. Rh3 Ng4 39. Rf1 Ne5
40. Rxh7 Rxf3 0-1

[Event "Superettan(Manhem II-Passanten)"]
[Site "?"]
[Date "2008.03.08"]
[Round "8"]
[White "Lundin, Anders"]
[Black "Backlund, Anders"]
[Result "1/2-1/2"]
[WhiteElo "2180"]
[BlackElo "2276"]
[PlyCount "50"]

1. d4 e6 2. Nf3 Nf6 3. c4 Bb4+ 4. Nbd2 d5 5. Qa4+ Nc6 6. a3 Bxd2+ 7. Bxd2 Ne4
8. Bf4 O-O 9. g3 Ne7 10. Bg2 Ng6 11. O-O Nxf4 12. gxf4 Nd6 13. c5 Nf5 14. b4
Bd7 15. Qd1 Nh4 16. a4 Nxg2 17. Kxg2 f6 18. Kh1 Be8 19. Rg1 Bh5 20. Ra3 Qe7 21.
Qd2 Rae8 22. Nh4 Qd7 23. Rag3 Rf7 24. Qc2 c6 25. Qd2 Kh8 1/2-1/2

[Event "Superettan(Manhem II-Passanten)"]
[Site "?"]
[Date "2008.03.08"]
[Round "8"]
[White "Eriksson, Mats"]
[Black "Hahlin, Lars-Ola"]
[Result "1-0"]
[WhiteElo "2197"]
[BlackElo "2121"]
[PlyCount "99"]

1. e4 g6 2. d4 Bg7 3. Nc3 c6 4. Bc4 d6 5. Qf3 Be6 6. Bxe6 fxe6 7. Nge2 Nd7 8.
Be3 Ngf6 9. Qh3 Nf8 10. Bh6 Kf7 11. O-O Qa5 12. Bxg7 Kxg7 13. f4 Qh5 14. Qd3
N8d7 15. f5 e5 16. Rf3 g5 17. Rg3 h6 18. dxe5 Nxe5 19. Qd2 Kh7 20. Nd4 c5 21.
Ne6 Nfg4 22. h3 Nf6 23. Re1 Qh4 24. Rge3 Nc4 25. Qd3 Nxe3 26. Rxe3 g4 27. Nd5
Rhg8 28. Nxe7 gxh3 29. g3 c4 30. Nxg8 Rxg8 31. Qxd6 Nxe4 32. Qd7+ Kh8 33. Qd4+
Kh7 34. Qd7+ Kh8 35. Qd4+ Kh7 36. Qxe4 Rxg3+ 37. Kh1 Rg4 38. Qxb7+ Kh8 39. Qb8+
Rg8 40. Qe5+ Kh7 41. Qd4 Qh5 42. Qd7+ Kh8 43. Qd4+ Kh7 44. Ra3 Qxf5 45. Rxa7+
Kg6 46. Nf4+ Kg5 47. Re7 Qg4 48. Re5+ Kh4 49. Rh5+ Kg3 50. Rxh3+ 1-0